| 000 | 00695nam a22002177a 4500 | ||
|---|---|---|---|
| 999 |
_c22436 _d22436 |
||
| 003 | OSt | ||
| 005 | 20220704094410.0 | ||
| 008 | 180228s2017 pe 000 0 spa | ||
| 020 | _a9786124591624 | ||
| 040 | _cBiblioteca Municipal de Cusco | ||
| 082 |
_a869.57/G223C _bG223C |
||
| 100 |
_aGarcía, Evelyn _d1981- _948173 |
||
| 245 |
_aLa casa del sol naciente / _cEvelyn García |
||
| 250 | _aPrimera edición, primera reimpresión | ||
| 260 |
_aLima : _bBorrador Editores, _c2012. |
||
| 300 |
_a189 páginas. : _c21 cm. |
||
| 650 |
_aNovelas peruanas _ySiglo XXI _947970 |
||
| 650 |
_aFamilia en la literatura _948174 |
||
| 650 |
_aAdolescencia en la literatura _948175 |
||
| 942 |
_2ddc _cLIBROS |
||